[Event "Gibtelecom Masters 8th"]
[Site "Gibraltar"]
[Date "2010.02.04"]
[Round "10.68"]
[White "Hamer, Martyn"]
[Black "Nuri, Kambez"]
[Result "1-0"]
[WhiteElo "2039"]
[BlackElo "2235"]
[PlyCount "71"]
[EventDate "2010.01.26"]
[EventType "swiss"]
[EventRounds "10"]
[EventCountry "GGB"]
[SourceDate "2005.02.07"]

1. d4 d6 2. Bg5 Nd7 3. Nf3 Ngf6 4. Nbd2 g6 5. e4 Bg7 6. c3 O-O 7. Bd3 c6 8. O-Qc7 9. Re1 e5 10. a4 Nh5 11. Nc4 f6 12. Bd2 Kh8 13. Ne3 Nf4 14. Bf1 Rd8 15. a5
Nf8 16. d5 cxd5 17. Nxd5 Nxd5 18. exd5 Nd7 19. b4 b6 20. axb6 Nxb6 21. Qb3 h6
22. Be3 f5 23. Red1 g5 24. Ra5 f4 25. Bxb6 Qxb6 26. Nd2 g4 27. Nc4 Qc7 28. Qc2
Re8 29. Qg6 Rd8 30. Bd3 Kg8 31. Rda1 Qe7 32. Nb6 Rb8 33. Nxc8 Rdxc8 34. Rxa7
Qf6 35. Qh7+ Kf8 36. Bg6 1-0

[Event "Gibtelecom Masters 8th"]
[Site "Gibraltar"]
[Date "2010.02.04"]
[Round "10.69"]
[White "Lacrosse, Marc"]
[Black "Jameson, David"]
[Result "1-0"]
[WhiteElo "2220"]
[BlackElo "2053"]
[PlyCount "59"]
[EventDate "2010.01.26"]
[EventType "swiss"]
[EventRounds "10"]
[EventCountry "GGB"]
[SourceDate "2005.02.07"]

1. d4 d5 2. c4 c6 3. Nf3 Nf6 4. Nc3 e6 5. Bg5 dxc4 6. e4 b5 7. e5 h6 8. Bh4 g5
9. exf6 gxh4 10. Ne5 Qxf6 11. a4 Bb4 12. Be2 Bb7 13. Bf3 Qe7 14. O-O Bxc3 15bxc3 a6 16. Re1 Rg8 17. axb5 cxb5 18. d5 Nd7 19. dxe6 Nxe5 20. Rxe5 f6 21. Bxb7
Qxb7 22. Qh5+ Kd8 23. Rd5+ Kc8 24. Rad1 Qg7 25. g3 hxg3 26. hxg3 Ra7 27. Rd7
Rxd7 28. Rxd7 Qg5 29. Qf3 Qc1+ 30. Kh2 1-0

[Event "Gibtelecom Masters 8th"]
[Site "Gibraltar"]
[Date "2010.02.04"]
[Round "10.70"]
[White "Ashby, Anthony C"]
[Black "Obiamiwe, Paul"]
[Result "1-0"]
[WhiteElo "2178"]
[BlackElo "2046"]
[PlyCount "81"]
[EventDate "2010.01.26"]
[EventType "swiss"]
[EventRounds "10"]
[EventCountry "GGB"]
[SourceDate "2005.02.07"]

1. d4 Nf6 2. c4 g6 3. Nc3 Bg7 4. e4 d6 5. Be3 O-O 6. f3 c5 7. d5 e6 8. Bd3 Re8
9. Nge2 exd5 10. cxd5 a6 11. a4 b6 12. O-O Nbd7 13. Ng3 Ne5 14. Be2 Rb8 15. h3
h5 16. Bg5 Qc7 17. Qd2 Nh7 18. Be3 Qe7 19. Rad1 Qh4 20. f4 Bxh3 21. Bf2 Bxg2
22. Kxg2 Ng4 23. Rh1 Qe7 24. Bxg4 hxg4 25. Qe2 b5 26. axb5 axb5 27. Rde1 b4 28Nd1 Nf6 29. Qd3 Nd7 30. b3 Ra8 31. Ne3 Nf6 32. Nc4 Ra2 33. e5 dxe5 34. Rxe5 Qd7
35. Rd1 Rd8 36. d6 Nh5 37. Nxh5 gxh5 38. Rxh5 Qc6+ 39. Qd5 Qxd5+ 40. Rhxd5 Bd4
41. Rd2 1-0

[Event "Gibtelecom Masters 8th"]
[Site "Gibraltar"]
[Date "2010.02.04"]
[Round "10.71"]
[White "Flores Chico, Jorge"]
[Black "Haarr, Jon Kristian"]
[Result "0-1"]
[WhiteElo "2052"]
[BlackElo "2157"]
[PlyCount "66"]
[EventDate "2010.01.26"]
[EventType "swiss"]
[EventRounds "10"]
[EventCountry "GGB"]
[SourceDate "2005.02.07"]

1. e4 c5 2. Nf3 d6 3. d4 cxd4 4. Nxd4 Nf6 5. Nc3 g6 6. Be3 Bg7 7. f3 Nc6 8. Qd2
O-O 9. g4 Ne5 10. h4 Be6 11. h5 Nxf3+ 12. Nxf3 Bxg4 13. hxg6 Bxf3 14. gxh7+ Kh8
15. Rg1 Qa5 16. Rg5 Qd8 17. Bh3 e6 18. Qf2 Nxe4 19. Nxe4 Bxe4 20. Rxg7 Kxg7 21O-O-O Bg6 22. Bd4+ e5 23. Be3 Rh8 24. Rg1 Rxh7 25. Bg5 Qe8 26. Qf6+ Kg8 27. Bh4
Rg7 28. Bg5 Qa4 29. Kb1 Qxc2+ 30. Ka1 Qh2 31. Qf1 Bd3 32. Qg2 Qxg2 33. Rxg2 Bf1
0-1

[Event "Gibtelecom Masters 8th"]
[Site "Gibraltar"]
[Date "2010.02.04"]
[Round "10.72"]
[White "Groffen, Hans"]
[Black "Pettersen, Joar Gullestad"]
[Result "1-0"]
[WhiteElo "2150"]
[BlackElo "2020"]
[PlyCount "53"]
[EventDate "2010.01.26"]
[EventType "swiss"]
[EventRounds "10"]
[EventCountry "GGB"]
[SourceDate "2005.02.07"]

1. d4 Nf6 2. c4 g6 3. Nc3 Bg7 4. e4 d6 5. Nf3 O-O 6. Be2 e5 7. O-O Nc6 8. d5
Ne7 9. b4 c6 10. Bb2 a5 11. a3 Nh5 12. g3 h6 13. Nd2 Bh3 14. Re1 Nf6 15. Nb3
axb4 16. axb4 Rxa1 17. Qxa1 b5 18. dxc6 Nxc6 19. cxb5 Nxb4 20. Qd1 Qa8 21. Qd2
Nxe4 22. Nxe4 Qxe4 23. Bf1 Qc2 24. Bxh3 Qxb3 25. Re3 Qc4 26. Bf1 Qc5 27. Ba3
1-0

[Event "Gibtelecom Masters 8th"]
[Site "Gibraltar"]
[Date "2010.02.04"]
[Round "10.73"]
[White "Weber, Francois"]
[Black "Odeh, Kenneth"]
[Result "1-0"]
[WhiteElo "2149"]
[BlackElo "2012"]
[PlyCount "71"]
[EventDate "2010.01.26"]
[EventType "swiss"]
[EventRounds "10"]
[EventCountry "GGB"]
[SourceDate "2005.02.07"]

1. e4 c5 2. Nf3 d6 3. d4 cxd4 4. Nxd4 Nf6 5. Nc3 a6 6. Bg5 e6 7. f4 b5 8. e5
dxe5 9. fxe5 Qc7 10. Qe2 Nfd7 11. O-O-O b4 12. Ne4 Qxe5 13. Nf3 Qc7 14. g3 Nc6
15. Bh3 f6 16. Bxe6 Nde5 17. Bxc8 Rxc8 18. Bf4 b3 19. axb3 Qa5 20. Bxe5 fxe5
21. Qc4 Bb4 22. Kb1 Ne7 23. Qe6 Rc6 24. Qd7+ Kf7 25. Rhf1 Rf6 26. Nxf6 gxf6 27c3 Bxc3 28. bxc3 Rb8 29. Kb2 Qc5 30. Qd6 Qb5 31. Nxe5+ Kg8 32. Qe6+ Kh8 33Qxf6+ Kg8 34. Qe6+ Kh8 35. Nf7+ Kg7 36. Qf6+ 1-0

[Event "Gibtelecom Masters 8th"]
[Site "Gibraltar"]
[Date "2010.02.04"]
[Round "10.74"]
[White "Stanek, Stanislav"]
[Black "Goodger, Martyn"]
[Result "1/2-1/2"]
[WhiteElo "2007"]
[BlackElo "2147"]
[PlyCount "44"]
[EventDate "2010.01.26"]
[EventType "swiss"]
[EventRounds "10"]
[EventCountry "GGB"]
[SourceDate "2005.02.07"]

1. d4 f5 2. h3 Nf6 3. g4 d5 4. Qd3 g6 5. g5 Ne4 6. Bf4 Nc6 7. c3 e5 8. dxe5
Nxg5 9. Bxg5 Qxg5 10. Nd2 Nxe5 11. Qxd5 Qe7 12. Ngf3 Nxf3+ 13. Nxf3 Bg7 14. Nd4
Rb8 15. Bg2 Bd7 16. Qb3 Bxd4 17. cxd4 Be6 18. d5 Bf7 19. Qa4+ Qd7 20. Qxa7 O-21. Qc5 Rfe8 22. Rc1 Re7 1/2-1/2

[Event "Gibtelecom Masters 8th"]
[Site "Gibraltar"]
[Date "2010.02.04"]
[Round "10.75"]
[White "Lipecki, Alexander"]
[Black "Hughes, Roy"]
[Result "1/2-1/2"]
[WhiteElo "2146"]
[BlackElo "1976"]
[PlyCount "40"]
[EventDate "2010.01.26"]
[EventType "swiss"]
[EventRounds "10"]
[EventCountry "GGB"]
[SourceDate "2005.02.07"]

1. e4 d5 2. Nc3 dxe4 3. Nxe4 Bf5 4. Ng3 Bg6 5. d4 e6 6. Nf3 Nd7 7. h4 h6 8. h5
Bh7 9. Bd3 Bxd3 10. Qxd3 Ngf6 11. Bd2 Bd6 12. Ne2 a6 13. Qb3 b5 14. a4 O-O 15axb5 axb5 16. O-O c6 17. Bf4 Qc7 18. Bxd6 Qxd6 19. Ng3 Nb6 20. Ne5 Qxd4 1/2-1/2

[Event "Gibtelecom Masters 8th"]
[Site "Gibraltar"]
[Date "2010.02.04"]
[Round "10.76"]
[White "Aerni, Andi"]
[Black "Valhondo Morales, Ruben"]
[Result "1/2-1/2"]
[WhiteElo "2137"]
[BlackElo "1762"]
[PlyCount "65"]
[EventDate "2010.01.26"]
[EventType "swiss"]
[EventRounds "10"]
[EventCountry "GGB"]
[SourceDate "2005.02.07"]

1. d4 e6 2. Nf3 Nf6 3. c4 Bb4+ 4. Bd2 Be7 5. Nc3 d5 6. cxd5 exd5 7. Bg5 c6 8Qc2 Nbd7 9. e3 O-O 10. Bd3 Re8 11. O-O h6 12. Bf4 Nf8 13. h3 Ne6 14. Bh2 Ng5
15. Ne5 Bd6 16. f4 Nge4 17. Nxe4 Nxe4 18. Bxe4 dxe4 19. f5 Qc7 20. f6 Re6 21Ng4 Bxh2+ 22. Nxh2 Qg3 23. Qe2 Rxf6 24. Rxf6 gxf6 25. Rf1 f5 26. Rf4 Be6 27Nf1 Qg6 28. a3 a5 29. Qf2 a4 30. Qh4 Qg5 31. Qe1 Kh7 32. Kh2 Rg8 33. Qf2
1/2-1/2

[Event "Gibtelecom Masters 8th"]
[Site "Gibraltar"]
[Date "2010.02.04"]
[Round "10.77"]
[White "De Andres Gonalons, Fernando"]
[Black "Skage, Oystein Aagedal"]
[Result "0-1"]
[WhiteElo "2124"]
[BlackElo "1935"]
[PlyCount "84"]
[EventDate "2010.01.26"]
[EventType "swiss"]
[EventRounds "10"]
[EventCountry "GGB"]
[SourceDate "2005.02.07"]

1. d4 Nf6 2. c4 g6 3. g3 Bg7 4. Bg2 d6 5. Nf3 O-O 6. O-O Nc6 7. Nc3 a6 8. Bg5
Rb8 9. Rc1 h6 10. Bxf6 Bxf6 11. Qd2 Bg7 12. h3 Kh7 13. Rfd1 e5 14. dxe5 dxe5
15. Qe3 Bd7 16. Rd2 Re8 17. Qc5 e4 18. Nh2 e3 19. fxe3 Re5 20. Qa3 Qg5 21. Nf1
Bf8 22. h4 Qf5 23. Qb3 Na5 24. Qd1 Be6 25. Nd5 Kg7 26. Rd4 g5 27. Nxc7 Bc5 28Nxe6+ Qxe6 29. hxg5 hxg5 30. Rd5 Nc6 31. Rc3 f5 32. Rxe5 Nxe5 33. Qd5 Qe7 34b4 Bxb4 35. Rb3 a5 36. a3 Bc5 37. a4 b6 38. Qd2 Nxc4 39. Qc3+ Ne5 40. Bf3 Kh6
41. Qc2 Qe6 42. Qd2 Qxb3 0-1

[Event "Gibtelecom Masters 8th"]
[Site "Gibraltar"]
[Date "2010.02.04"]
[Round "10.78"]
[White "Jacobsen, Fredrik Beer"]
[Black "Collier, David O"]
[Result "0-1"]
[WhiteElo "1952"]
[BlackElo "2118"]
[PlyCount "90"]
[EventDate "2010.01.26"]
[EventType "swiss"]
[EventRounds "10"]
[EventCountry "GGB"]
[SourceDate "2005.02.07"]

1. e4 c6 2. d4 d5 3. exd5 cxd5 4. c4 Nf6 5. Nc3 e6 6. Nf3 Be7 7. Bg5 O-O 8. c5
h6 9. Bf4 b6 10. Nb5 Ne8 11. Bxb8 Rxb8 12. Nxa7 Bb7 13. Ne5 bxc5 14. Nac6 Qc7
15. Nxb8 cxd4 16. Qxd4 Bc5 17. Qc3 d4 18. Qg3 Nf6 19. Nec6 Bd6 20. Qb3 Bxc6 21Nxc6 Qxc6 22. Be2 Rb8 23. Qc4 Qxg2 24. O-O-O e5 25. f3 Qh3 26. Kb1 Qd7 27. Rhg1
Qb7 28. b3 Nd5 29. Ka1 Ne3 30. Qc1 Ra8 31. Bc4 Ba3 32. Qd2 Bb4 33. Qc1 Rxa2+
34. Kxa2 Qa7+ 35. Kb1 Bc3 36. Qxe3 dxe3 37. Rd8+ Kh7 38. Bd3+ g6 39. Kc2 Bd4
40. Bc4 Qa5 41. Rxd4 exd4 42. Rd1 Qa2+ 43. Kd3 Qf2 44. Ra1 e2 45. Ra2 Qe3+ 0-1

[Event "Gibtelecom Masters 8th"]
[Site "Gibraltar"]
[Date "2010.02.04"]
[Round "10.79"]
[White "Tari, Aryan"]
[Black "Doubleday, William G"]
[Result "1/2-1/2"]
[WhiteElo "1932"]
[BlackElo "2115"]
[PlyCount "73"]
[EventDate "2010.01.26"]
[EventType "swiss"]
[EventRounds "10"]
[EventCountry "GGB"]
[SourceDate "2005.02.07"]

1. e4 c5 2. Nf3 Nc6 3. Nc3 d6 4. d4 cxd4 5. Nxd4 Nf6 6. Bc4 e6 7. Be3 Be7 8. f3
a6 9. Qd2 Bd7 10. g4 h6 11. O-O-O Qc7 12. h4 O-O-O 13. g5 Nh5 14. Nxc6 Bxc6 15Bb3 hxg5 16. hxg5 g6 17. Qf2 Rde8 18. f4 Ng7 19. Rhg1 b5 20. Bd4 Rh7 21. Bxg7
Rxg7 22. f5 gxf5 23. exf5 Bxg5+ 24. Kb1 d5 25. Ne2 Reg8 26. Nd4 Bd7 27. Rd3 Kb7
28. Qf3 Bf6 29. Rgd1 Rg3 30. Qf2 Rg2 31. Qf3 R8g3 32. Bxd5+ exd5 33. Qxd5+ Bc6
34. Nxc6 Qxc6 35. Qxf7+ Kc8 36. Qf8+ Kc7 37. Qf7+ 1/2-1/2

[Event "Gibtelecom Masters 8th"]
[Site "Gibraltar"]
[Date "2010.02.04"]
[Round "10.80"]
[White "Sommerhalder, Eric"]
[Black "Popa-Matei, Viorel-Ovidiu"]
[Result "1/2-1/2"]
[WhiteElo "1899"]
[BlackElo "2137"]
[PlyCount "79"]
[EventDate "2010.01.26"]
[EventType "swiss"]
[EventRounds "10"]
[EventCountry "GGB"]
[SourceDate "2005.02.07"]

1. e4 e5 2. Nf3 Nc6 3. Bb5 a6 4. Bxc6 dxc6 5. O-O Bg4 6. h3 h5 7. d3 Qf6 8Nbd2 g5 9. Re1 Bc5 10. Nb3 Bxf3 11. Qxf3 Qxf3 12. gxf3 Be7 13. d4 f6 14. dxe5
fxe5 15. Be3 O-O-O 16. Rad1 Nh6 17. Nc5 Rd6 18. Kf1 Rf8 19. Ke2 Rdf6 20. Nd7
Rxf3 21. Nxf8 Rxf8 22. Rg1 Nf7 23. Rg2 Rg8 24. Rdg1 Kd7 25. f3 Rh8 26. Bxg5
Nxg5 27. Rxg5 Bxg5 28. Rxg5 Kd6 29. Ke3 Rh7 30. f4 exf4+ 31. Kxf4 Rf7+ 32. Rf5
Rg7 33. e5+ Ke7 34. Rg5 Rf7+ 35. Rf5 Rg7 36. Rxh5 Rg2 37. Rh7+ Ke6 38. Rh6+ Ke7
39. Rh7+ Ke6 40. Rh6+ 1/2-1/2

[Event "Gibtelecom Masters 8th"]
[Site "Gibraltar"]
[Date "2010.02.04"]
[Round "10.81"]
[White "Marder, Simon"]
[Black "Compton, Alistair"]
[Result "1-0"]
[WhiteElo "1993"]
[BlackElo "2066"]
[PlyCount "81"]
[EventDate "2010.01.26"]
[EventType "swiss"]
[EventRounds "10"]
[EventCountry "GGB"]
[SourceDate "2005.02.07"]

1. d4 e6 2. e4 d5 3. Nc3 Bb4 4. Nge2 dxe4 5. a3 Be7 6. Nxe4 Nf6 7. N2g3 Bd7 8Bd3 Bc6 9. c3 Nbd7 10. Bf4 Nxe4 11. Nxe4 Nf6 12. Qe2 Qd5 13. f3 O-O-O 14. O-Kb8 15. b4 Nh5 16. Be3 f5 17. Bc4 Qd7 18. Nc5 Bxc5 19. bxc5 Nf6 20. Bg5 Rde8
21. Rfd1 h6 22. Bxf6 gxf6 23. a4 Rhg8 24. a5 Rg7 25. Ra2 Bd5 26. Rb2 Reg8 27Qf1 Qa4 28. Bxd5 exd5 29. Rdb1 Kc8 30. Kh1 c6 31. Qd3 Qxa5 32. Qxf5+ Kb8 33Qxf6 Ka8 34. Qxh6 Rg6 35. Qe3 R6g7 36. g3 Qd8 37. Re1 Rh7 38. f4 Qd7 39. Qe6
Qd8 40. Rbe2 a6 41. Qxg8 1-0

[Event "Gibtelecom Masters 8th"]
[Site "Gibraltar"]
[Date "2010.02.04"]
[Round "10.82"]
[White "De Lillo, Michele"]
[Black "Haraldsson, Leif"]
[Result "1/2-1/2"]
[WhiteElo "1934"]
[BlackElo "2050"]
[PlyCount "59"]
[EventDate "2010.01.26"]
[EventType "swiss"]
[EventRounds "10"]
[EventCountry "GGB"]
[SourceDate "2005.02.07"]

1. e4 e5 2. Nf3 d6 3. Nc3 c6 4. a4 h6 5. Bc4 Qf6 6. h3 Nd7 7. d4 Ne7 8. dxe5
dxe5 9. Be3 Ng6 10. a5 Bb4 11. Qe2 O-O 12. O-O Kh8 13. Ra4 Bd6 14. Qd2 Nc5 15Raa1 Bxh3 16. Bxh6 Bxg2 17. Kxg2 gxh6 18. Qxh6+ Kg8 19. Rh1 Nf4+ 20. Kg3 Qxh6
21. Rxh6 Nce6 22. Nh4 Rfd8 23. Nf5 Bf8 24. Rh2 Bg7 25. Rah1 b5 26. axb6 axb6
27. Rh7 Bf6 28. R7h6 Bg7 29. Rh7 Bf6 30. R7h6 1/2-1/2

[Event "Gibtelecom Masters 8th"]
[Site "Gibraltar"]
[Date "2010.02.04"]
[Round "10.83"]
[White "Frey, Matthias"]
[Black "Lochte, Szilvia"]
[Result "1/2-1/2"]
[WhiteElo "1907"]
[BlackElo "2032"]
[PlyCount "59"]
[EventDate "2010.01.26"]
[EventType "swiss"]
[EventRounds "10"]
[EventCountry "GGB"]
[SourceDate "2005.02.07"]

1. e4 d5 2. exd5 Qxd5 3. Nc3 Qd6 4. Bc4 Nf6 5. d3 g6 6. Qf3 c6 7. Ne4 Qe5 8Qe2 Nxe4 9. Qxe4 Qxe4+ 10. dxe4 Bg7 11. Ne2 Nd7 12. O-O b5 13. Bb3 Nc5 14. f3
a5 15. c3 Nxb3 16. axb3 Bb7 17. Be3 O-O 18. Rfd1 Bc8 19. Bc5 Re8 20. Bb4 Be6
21. Rxa5 Bxb3 22. Rxa8 Rxa8 23. Rd7 e5 24. Rc7 Bf8 25. Rxc6 Bxb4 26. cxb4 Ra2
27. Nc3 Rxb2 28. Rc5 Bc4 29. Nxb5 Rxb4 30. Nc3 1/2-1/2

[Event "Gibtelecom Masters 8th"]
[Site "Gibraltar"]
[Date "2010.02.04"]
[Round "10.84"]
[White "Matto, Manuel"]
[Black "Mortensen, Henrik"]
[Result "0-1"]
[WhiteElo "1824"]
[BlackElo "2015"]
[PlyCount "100"]
[EventDate "2010.01.26"]
[EventType "swiss"]
[EventRounds "10"]
[EventCountry "GGB"]
[SourceDate "2005.02.07"]

1. d4 Nc6 2. Nf3 d6 3. e4 g6 4. h3 Bg7 5. c3 e5 6. Bb5 Bd7 7. d5 Nb8 8. Bxd7+
Nxd7 9. O-O Ngf6 10. Qe2 O-O 11. Bg5 h6 12. Bh4 g5 13. Bg3 Nh5 14. Nbd2 Nf4 15Bxf4 gxf4 16. Nh2 Qf6 17. Kh1 Qg6 18. Ndf3 Bf6 19. Ng4 Be7 20. g3 Qh5 21. Kg2
f5 22. exf5 Rxf5 23. b4 Raf8 24. Qe4 Bd8 25. a4 Kh8 26. c4 Qg6 27. Qe2 Rg8 28Rae1 h5 29. Ngh2 fxg3 30. fxg3 Qxg3+ 31. Kh1 Qxh3 32. Ng1 Rxf1 33. Rxf1 Qh4 34Rf7 Nf6 35. Qe3 Qxh2+ 36. Kxh2 Ng4+ 37. Kh3 Nxe3 38. Nf3 Nxc4 39. Rf5 h4 40Nxh4 Bxh4 41. Kxh4 Ne3 42. Rf7 Nxd5 43. Kh5 Rg7 44. Rf8+ Kh7 45. b5 e4 46. Ra8
e3 47. b6 axb6 48. a5 e2 49. axb6 e1=Q 50. Rh8+ Kxh8 0-1

[Event "Gibtelecom Masters 8th"]
[Site "Gibraltar"]
[Date "2010.02.04"]
[Round "10.85"]
[White "Steinskog, Asbjorn Ottesen"]
[Black "Lombart, Philippe"]
[Result "1/2-1/2"]
[WhiteElo "1884"]
[BlackElo "1996"]
[PlyCount "59"]
[EventDate "2010.01.26"]
[EventType "swiss"]
[EventRounds "10"]
[EventCountry "GGB"]
[SourceDate "2005.02.07"]

1. e4 e5 2. Nf3 Nc6 3. d4 exd4 4. Nxd4 Bc5 5. Nxc6 bxc6 6. Bc4 Qf6 7. Qf3 Qxf3
8. gxf3 Ne7 9. Be3 Bxe3 10. fxe3 d5 11. Bd3 Ng6 12. f4 Rb8 13. Nd2 O-O 14O-O-O Rb6 15. c4 dxe4 16. Bxe4 Rd8 17. Bxg6 hxg6 18. Rde1 Be6 19. Kc2 Rdb8 20b3 c5 21. e4 Ra6 22. a4 Rd6 23. Re3 Rbd8 24. Nb1 Rd4 25. Rf1 Bg4 26. Rf2 Re8
27. Nd2 Bf5 28. Rfe2 Bg4 29. Rf2 Bf5 30. Rfe2 1/2-1/2

[Event "Gibtelecom Masters 8th"]
[Site "Gibraltar"]
[Date "2010.02.04"]
[Round "10.86"]
[White "Daoudi, Kamal"]
[Black "Helin, Mikael"]
[Result "1-0"]
[WhiteElo "2155"]
[BlackElo "1972"]
[PlyCount "63"]
[EventDate "2010.01.26"]
[EventType "swiss"]
[EventRounds "10"]
[EventCountry "GGB"]
[SourceDate "2005.02.07"]

1. e4 c5 2. Nf3 a6 3. d4 cxd4 4. Nxd4 e6 5. Nc3 Qc7 6. Be3 Nf6 7. Be2 b5 8. a3
Bb7 9. f3 Nc6 10. O-O h5 11. Nxc6 dxc6 12. f4 e5 13. fxe5 Rd8 14. Qe1 Qxe5 15Rf5 Qc7 16. Bf4 Bd6 17. e5 Qb6+ 18. Kh1 Bc8 19. Rxf6 gxf6 20. exd6 Be6 21. Ne4
Qd4 22. Bf3 Qxb2 23. Rb1 Qxa3 24. Nxf6+ Kf8 25. Qg3 Bg4 26. d7 Qa2 27. Bd6+ Kg7
28. Nxh5+ Kh7 29. Nf6+ Kg6 30. Be4+ Kg7 31. Qxg4+ Kxf6 32. Rf1# 1-0

[Event "Gibtelecom Masters 8th"]
[Site "Gibraltar"]
[Date "2010.02.04"]
[Round "10.87"]
[White "Hagen, Anders Gjerdrum"]
[Black "Winkler, Stefan"]
[Result "1-0"]
[WhiteElo "2108"]
[BlackElo "1916"]
[PlyCount "61"]
[EventDate "2010.01.26"]
[EventType "swiss"]
[EventRounds "10"]
[EventCountry "GGB"]
[SourceDate "2005.02.07"]

1. d4 Nf6 2. c4 e6 3. Nc3 Bb4 4. Qc2 O-O 5. a3 Bxc3+ 6. Qxc3 d5 7. Bg5 Nbd7 8cxd5 exd5 9. e3 c6 10. Qc2 h6 11. Bh4 Re8 12. Bd3 Qb6 13. Ne2 Ne4 14. O-O Nf8
15. Nc3 Nxc3 16. bxc3 Ne6 17. f4 Nf8 18. f5 f6 19. e4 Nd7 20. Qa2 Ne5 21. Be2
Nf7 22. Bd3 Qd8 23. e5 Ng5 24. Bg3 Kf8 25. Rae1 b6 26. exf6 Qxf6 27. Be5 Qd8
28. f6 Kg8 29. Qc2 Be6 30. h4 Nf7 31. Bh7+ 1-0

[Event "Gibtelecom Masters 8th"]
[Site "Gibraltar"]
[Date "2010.02.04"]
[Round "10.88"]
[White "Johnson, Paul A"]
[Black "Lumsdon, Andrew"]
[Result "0-1"]
[WhiteElo "1904"]
[BlackElo "2090"]
[PlyCount "162"]
[EventDate "2010.01.26"]
[EventType "swiss"]
[EventRounds "10"]
[EventCountry "GGB"]
[SourceDate "2005.02.07"]

1. d4 Nf6 2. Nf3 g6 3. c4 c5 4. d5 b5 5. cxb5 a6 6. b6 d6 7. Nc3 Nbd7 8. h3 Bg7
9. e4 Qxb6 10. Be2 O-O 11. O-O Rb8 12. Qc2 Ne8 13. Nd2 Nc7 14. Nc4 Qb4 15. Bf4
Ne5 16. Bxe5 dxe5 17. Rab1 Ne8 18. Rfd1 Nd6 19. b3 f5 20. f3 Qb7 21. Na5 Qc7
22. Nc6 Ra8 23. Na4 Bb7 24. Nxc5 Qb6 25. Kh1 Bxc6 26. dxc6 Qxc6 27. Bc4+ Nxc4
28. Qxc4+ Kh8 29. Ne6 Qxc4 30. bxc4 Rfc8 31. Nxg7 Kxg7 32. Rd7 Rxc4 33. exf5
Re8 34. fxg6 hxg6 35. Rbb7 Ra4 36. Rd2 Kf6 37. Kh2 Rc8 38. Rb6+ Kf7 39. Re2 Rc5
40. Rb3 Kf6 41. Rbe3 Rca5 42. Kg3 Rxa2 43. Rxe5 Rxe5 44. Rxa2 a5 45. f4 Rb5 46Ra3 e5 47. Kf3 exf4 48. Kxf4 Rb4+ 49. Ke3 a4 50. Ke2 Kg5 51. Rg3+ Kh5 52. Kd1
Rb3 53. Rg4 a3 54. Ra4 Rb1+ 55. Kc2 Rb2+ 56. Kc1 Rxg2 57. Rxa3 Kh4 58. Kd1 Rg3
59. Ra8 Kxh3 60. Ke2 Kg2 61. Rf8 g5 62. Rf2+ Kg1 63. Rf1+ Kh2 64. Rf8 g4 65Rh8+ Kg2 66. Rh4 Kg1 67. Ke1 Re3+ 68. Kd2 Re4 69. Kd3 Ra4 70. Ke2 Kg2 71. Rh8
g3 72. Rh7 Kg1 73. Ke1 g2 74. Ke2 Re4+ 75. Kd3 Re5 76. Kd4 Rf5 77. Ke4 Rf2 78Ra7 Rb2 79. Ke3 Rb5 80. Kf3 Rb3+ 81. Ke2 Kh2 0-1

[Event "Gibtelecom Masters 8th"]
[Site "Gibraltar"]
[Date "2010.02.04"]
[Round "10.89"]
[White "Bishop, Geoffrey L"]
[Black "Bryn, Askild"]
[Result "0-1"]
[WhiteElo "1851"]
[BlackElo "2036"]
[PlyCount "74"]
[EventDate "2010.01.26"]
[EventType "swiss"]
[EventRounds "10"]
[EventCountry "GGB"]
[SourceDate "2005.02.07"]

1. e4 c5 2. Nf3 Nc6 3. d4 cxd4 4. Nxd4 e5 5. Nb5 h6 6. Be3 a6 7. Nd6+ Bxd6 8Qxd6 Qe7 9. Bc5 b6 10. Qxe7+ Ngxe7 11. Bd6 Bb7 12. Nd2 Nc8 13. Ba3 b5 14. c3 d6
15. g3 O-O 16. O-O-O Rd8 17. f4 exf4 18. gxf4 d5 19. Bg2 d4 20. Nb3 dxc3 21bxc3 Nb6 22. Nc5 Nc4 23. Nxb7 Rxd1+ 24. Rxd1 Nxa3 25. e5 Rc8 26. Nd6 Rc7 27Bd5 Na5 28. f5 Rxc3+ 29. Kb2 b4 30. e6 Rc2+ 31. Ka1 Re2 32. Rc1 Kf8 33. Rc8+
Ke7 34. Rc7+ Kxd6 35. Rd7+ Kc5 36. exf7 Re1+ 37. Kb2 Rb1# 0-1

[Event "Gibtelecom Masters 8th"]
[Site "Gibraltar"]
[Date "2010.02.04"]
[Round "10.90"]
[White "Perez Reisler, Jose"]
[Black "Pereira, Johnharry"]
[Result "0-1"]
[WhiteElo "2001"]
[BlackElo "1892"]
[PlyCount "70"]
[EventDate "2010.01.26"]
[EventType "swiss"]
[EventRounds "10"]
[EventCountry "GGB"]
[SourceDate "2005.02.07"]

1. c4 Nf6 2. Nc3 e6 3. d4 Bb4 4. f3 d5 5. Qc2 O-O 6. e4 c5 7. a3 Bxc3+ 8. bxc3
dxe4 9. dxc5 Qc7 10. Be3 Nbd7 11. fxe4 Nxc5 12. Bd3 Nxd3+ 13. Qxd3 Rd8 14. Bd4
Qf4 15. e5 Qxe5+ 16. Ne2 Qg5 17. h4 Qa5 18. Qg3 e5 19. Bxe5 Ne8 20. h5 Be6 21Bxg7 Rdc8 22. h6 Rxc4 23. Be5+ Kf8 24. Rh5 f5 25. Nd4 Kf7 26. Nxf5 Re4+ 27. Ne3
Qa4 28. Bg7 Bg4 29. Rg5 Qd7 30. Rxg4 Rxe3+ 31. Qxe3 Qxg4 32. Qf2+ Kg6 33. Rd1
Nxg7 34. hxg7 Re8+ 35. Kd2 Rd8+ 0-1

[Event "Gibtelecom Masters 8th"]
[Site "Gibraltar"]
[Date "2010.02.04"]
[Round "10.91"]
[White "Zanetti, Bruno"]
[Black "Rough, Robert E"]
[Result "1-0"]
[WhiteElo "1978"]
[BlackElo "1811"]
[PlyCount "49"]
[EventDate "2010.01.26"]
[EventType "swiss"]
[EventRounds "10"]
[EventCountry "GGB"]
[SourceDate "2005.02.07"]

1. d4 Nf6 2. c4 e5 3. dxe5 Ng4 4. Nf3 Nc6 5. Bf4 Bb4+ 6. Nbd2 Qe7 7. a3 Bxd2+
8. Qxd2 Ngxe5 9. Nxe5 Nxe5 10. e3 d6 11. Be2 Bf5 12. O-O O-O 13. Rac1 Rfd8 14Qc3 Ng6 15. Bg3 c6 16. Rfd1 d5 17. cxd5 Rxd5 18. Rxd5 cxd5 19. Rd1 Rc8 20. Qd4
h6 21. Qxd5 Be4 22. Qd4 Rc2 23. Bf1 Kh7 24. f3 Bc6 25. Bd3 1-0

[Event "Gibtelecom Masters 8th"]
[Site "Gibraltar"]
[Date "2010.02.04"]
[Round "10.93"]
[White "Green, Per"]
[Black "Hansen, Erle Andrea Marki"]
[Result "1-0"]
[WhiteElo "1970"]
[BlackElo "1699"]
[PlyCount "69"]
[EventDate "2010.01.26"]
[EventType "swiss"]
[EventRounds "10"]
[EventCountry "GGB"]
[SourceDate "2005.02.07"]

1. Nf3 d5 2. d4 Nf6 3. c4 e6 4. g3 b6 5. cxd5 exd5 6. Bg2 Bb7 7. O-O Nbd7 8Qa4 Bd6 9. Nc3 O-O 10. Nb5 Be7 11. Bf4 c6 12. Nd6 Bxd6 13. Bxd6 Re8 14. e3 Ne4
15. Ba3 c5 16. dxc5 bxc5 17. Rac1 Nb6 18. Qb5 a6 19. Qb3 Qe7 20. Qxb6 Rec8 21Rfd1 Rc6 22. Qa5 Re8 23. Rc2 g5 24. Rdc1 g4 25. Nd4 Rf8 26. Bxc5 Qe5 27. Nb3
Rh6 28. Bd4 Qh5 29. Bxe4 Qxh2+ 30. Kf1 dxe4 31. Nd2 f5 32. Qc7 Qh1+ 33. Ke2
Qf3+ 34. Nxf3 gxf3+ 35. Kd2 1-0